000 00230nam a22000857a 4500
999 _c23727
_d23727
005 20250212115921.0
008 250212b ||||| |||| 00| 0 eng d
040 _csk
245 _aMetodika tvorby strategických dokumentov v kuĺtúre...